00525nam a22001337a 4500003000500000038001800005082000800023100002400031245018500055264003300240650001800273700004300291856005700334NUST aNusrat Nadeem a200 aSahi, Muhammad Umer aTransforming Human Capital Management in a Public Sector Agricultural Research Organization through Implementation of High-Performance Work System Practices./cMuhammad Umer Sahi,  aIslamabad:bNBS NUST.c2025. aExecutive MBA aSupervisor: Ms. Kishwar Sameen Gulzar uhttp://10.250.8.41:8080/xmlui/handle/123456789/55539